| 000 | 00572pab a2200193 454500 | ||
|---|---|---|---|
| 008 | 180718b2013 xxu||||| |||| 00| 0 eng d | ||
| 100 | _aPatnaik, Uamesh | ||
| 245 | _aAnalyzing vulnerability to climatic variability and extremes in the coastal districts of Odisha, India | ||
| 260 | _c2013 | ||
| 300 | _ap.173-189. | ||
| 362 | _aJul-Dec | ||
| 650 | _aClimatic change - India - Odisha | ||
| 650 | _aClimatic change | ||
| 700 | _aBahinipati, Sekhar | ||
| 700 | _aDas, Prasun Kumar | ||
| 773 | _aReview of Development and Change | ||
| 908 | _aN | ||
| 909 | _a104273 | ||
| 999 |
_c104269 _d104269 |
||